| 000 | 01228nab a2200229 i 4500 | ||
|---|---|---|---|
| 001 | 768714001 | ||
| 003 | CO-MdFUSB | ||
| 005 | 20240525225122.0 | ||
| 008 | 240524t1974 sp ||||| |||| 00| 0 spa d | ||
| 040 |
_bspa _cCO-MdFUSB _dCO-MdFUSB |
||
| 041 | _aspa | ||
| 100 |
_aFierro, Alfredo, _eautor |
||
| 245 |
_a¿Tiene la religión cristiana una función terapéutica? _c/ Alfredo Fierro |
||
| 520 | _aLa pregunta se sobreentiende relativa a las llamadas enfermedades mentales. Y va a persistir hasta el final de estas consideraciones como tal pregunta, es decir, envuelta en signo de interrogación y sin resolverse en tesis firme positiva o negativa. Además, se cuestiona sobre si la religión cristiana tiene una función terapéutica toma sesgo distinto. También, se analizará si la vida y la fe cristiana, ¿surten efectos psicoterapéuticos? | ||
| 650 | 0 |
_aVida cristiana _919 |
|
| 650 | 7 |
_aPsicoanálisis y religión _97187 |
|
| 650 | 7 |
_aFe _9531 |
|
| 653 | _aTerapia | ||
| 773 | 0 |
_049450 _982679 _oR2589 _tRevista internacional de teología Concilium _w(CO-MdFUSB)8 _x0210-1041 _gVolumen 99, (noviembre, 1974) páginas: 244 - 254 _qpáginas: 244 |
|
| 942 | _cANA | ||
| 945 | _aCatherine Arias Álvarez - Practicante SENA | ||
| 999 |
_c69903 _d69903 |
||